All Queens Park Rangers Premier League Players Ever - Statistics

General Stats
  • This quiz has been taken 17 times
  • The average score is 79 of 192
Answer Stats
% Correct
2014/15 England Rio Ferdinand 11
100%
2011/12 Morocco Adel Taarabt 27
93%
2012/13 Morocco Adel Taarabt 31
93%
2014/15 Morocco Adel Taarabt 7
93%
2011/12 England Anton Ferdinand 31
93%
2012/13 England Anton Ferdinand 13
93%
2012/13 Canada Junior Hoilett 26
93%
2014/15 Canada Junior Hoilett 22
93%
2014/15 Netherlands Leroy Fer 29
93%
1992/93 England Les Ferdinand 37
93%
1993/94 England Les Ferdinand 36
93%
1994/95 England Les Ferdinand 37
93%
2012/13 South Korea Park Ji-Sung 20
93%
2012/13 France Loic Remy 14
73%
2014/15 France Loic Remy 2
73%
2012/13 England Robert Green 16
73%
2014/15 England Robert Green 36
73%
2011/12 England Shaun Wright-Phillips 32
73%
2012/13 England Shaun Wright-Phillips 20
73%
2014/15 England Shaun Wright-Phillips 4
73%
2012/13 England Andrew Johnson 3
67%
2011/12 England Clint Hill 22
67%
2012/13 England Clint Hill 31
67%
2014/15 England Clint Hill 19
67%
2012/13 Brazil Julio Cesar 24
67%
2011/12 England Tommy Smith 17
67%
2011/12 Argentina Alejandro Faurlin 20
60%
2012/13 Argentina Alejandro Faurlin 11
60%
2014/15 Argentina Alejandro Faurlin 2
60%
2011/12 Senegal Armand Traore 23
60%
2012/13 Senegal Armand Traore 26
60%
2014/15 Senegal Armand Traore 16
60%
2014/15 England Charlie Austin 35
60%
2014/15 Chile Eduardo Vargas 21
60%
2014/15 Croatia Niko Kranjcar 22
60%
1992/93 England Ray Wilkins 27
60%
1993/94 England Ray Wilkins 39
60%
1994/95 England Ray Wilkins 2
60%
1995/96 England Ray Wilkins 15
60%
2014/15 Ireland Richard Dunne 23
60%
1992/93 England Andy Sinton 36
53%
1994/95 England Danny Dichio 9
53%
1995/96 England Danny Dichio 29
53%
2012/13 Portugal Jose Bosingwa 23
53%
2014/15 Scotland Matt Phillips 25
53%
2014/15 Chile Mauricio Isla 26
53%
1993/94 England Trevor Sinclair 32
53%
1994/95 England Trevor Sinclair 33
53%
1995/96 England Trevor Sinclair 37
53%
2011/12 England Bobby Zamora 14
47%
2012/13 England Bobby Zamora 21
47%
2014/15 England Bobby Zamora 31
47%
1992/93 England Bradley Allen 25
47%
1993/94 England Bradley Allen 21
47%
1994/95 England Bradley Allen 5
47%
1995/96 England Bradley Allen 8
47%
1992/93 England Clive Wilson 41
47%
1993/94 England Clive Wilson 42
47%
1994/95 England Clive Wilson 36
47%
2011/12 France Djibril Cisse 8
47%
2012/13 France Djibril Cisse 18
47%
2012/13 Spain Esteban Granero 24
47%
1992/93 England Ian Holloway 24
47%
1993/94 England Ian Holloway 25
47%
1994/95 England Ian Holloway 31
47%
1995/96 England Ian Holloway 27
47%
1992/93 Czech Republic Jan Stejskal 15
47%
1993/94 Czech Republic Jan Stejskal 26
47%
1994/95 England Kevin Gallen 37
47%
1995/96 England Kevin Gallen 30
47%
2011/12 England Nedum Onuoha 16
47%
2012/13 England Nedum Onuoha 23
47%
2014/15 England Nedum Onuoha 23
47%
2011/12 Ireland Paddy Kenny 33
47%
2012/13 New Zealand Ryan Nelsen 21
47%
2011/12 England Shaun Derry 29
47%
2012/13 England Shaun Derry 18
47%
2014/15 Sierra Leone Steven Caulker 35
47%
2014/15 South Korea Yun Suk-Young 23
47%
2012/13 Congo Christopher Samba 10
40%
1992/93 England Darren Peacock 38
40%
1993/94 England Darren Peacock 30
40%
1992/93 England David Bardsley 40
40%
1993/94 England David Bardsley 32
40%
1994/95 England David Bardsley 30
40%
1995/96 England David Bardsley 29
40%
2012/13 Brazil Fabio 21
40%
2011/12 England Fitz Hall 14
40%
2011/12 Iceland Heidar Helguson 16
40%
2011/12 Scotland Jamie Mackie 31
40%
2012/13 Scotland Jamie Mackie 29
40%
2011/12 England Joey Barton 31
40%
2014/15 England Joey Barton 28
40%
2011/12 England Luke Young 23
40%
2014/15 Brazil Sandro 17
40%
2012/13 Cameroon Stephane Mbia 29
40%
2012/13 Israel Tal Ben Haim 3
40%
2011/12 Hungary Akos Buzsaky 18
33%
1992/93 Northern Ireland Alan McDonald 39
33%
1993/94 Northern Ireland Alan McDonald 12
33%
1994/95 Northern Ireland Alan McDonald 39
33%
1995/96 Northern Ireland Alan McDonald 26
33%
1992/93 England Andy Impey 40
33%
1993/94 England Andy Impey 33
33%
1994/95 England Andy Impey 40
33%
1995/96 England Andy Impey 29
33%
2014/15 England Danny Simpson 1
33%
2014/15 England Darnell Furlong 3
33%
1992/93 England Devon White 7
33%
1993/94 England Devon White 18
33%
1994/95 England Devon White 1
33%
1992/93 England Gary Penrice 15
33%
1993/94 England Gary Penrice 26
33%
1994/95 England Gary Penrice 19
33%
1995/96 England Gary Penrice 3
33%
2011/12 England Matthew Connolly 6
33%
2011/12 Czech Republic Radek Cerny 5
33%
2011/12 Mali Samba Diakite 9
33%
2012/13 Mali Samba Diakite 14
33%
1992/93 Wales Tony Roberts 28
33%
1993/94 Wales Tony Roberts 16
33%
1994/95 Wales Tony Roberts 31
33%
1995/96 Wales Tony Roberts 5
33%
1993/94 England Alan McCarthy 4
27%
1994/95 England Alan McCarthy 2
27%
2014/15 England Alex McCarthy 3
27%
2011/12 England Bradley Orr 6
27%
2011/12 Brazil Bruno Perone 1
27%
1992/93 England Danny Maddix 14
27%
1994/95 England Danny Maddix 27
27%
1995/96 England Danny Maddix 22
27%
1992/93 England Dennis Bailey 15
27%
2011/12 England DJ Campbell 11
27%
1992/93 England Garry Thompson 4
27%
2011/12 England Hogan Ephraim 2
27%
2011/12 England Jay Bothroyd 21
27%
2012/13 England Jay Bothroyd 4
27%
2012/13 England Jermaine Jenas 12
27%
1995/96 United States Juergen Sommer 33
27%
2014/15 England Karl Henry 33
27%
1992/93 England Karl Ready 3
27%
1993/94 England Karl Ready 22
27%
1994/95 England Karl Ready 13
27%
1995/96 England Karl Ready 22
27%
2011/12 England Kieron Dyer 1
27%
2012/13 England Kieron Dyer 4
27%
2011/12 Ireland Michael Harriman 1
27%
2012/13 Ireland Michael Harriman 1
27%
1995/96 Australia Ned Zelic 4
27%
1995/96 Scotland Nigel Quashie 11
27%
2011/12 Ghana Patrick Agyemang 2
27%
1995/96 England Paul Murray 1
27%
2011/12 England Robert Hulse 2
27%
1992/93 England Rufus Brevett 15
27%
1993/94 England Rufus Brevett 7
27%
1994/95 England Rufus Brevett 19
27%
1995/96 England Rufus Brevett 27
27%
1992/93 England Simon Barker 25
27%
1993/94 England Simon Barker 37
27%
1994/95 England Simon Barker 37
27%
1995/96 England Simon Barker 33
27%
2011/12 Nigeria Taye Taiwo 15
27%
2012/13 England Andros Townsend 12
20%
2011/12 Portugal Bruno Andrade 1
20%
1995/96 England Chris Plummer 1
20%
2011/12 Wales Danny Gabbidon 17
20%
2011/12 Italy Federico Macheda 3
20%
1995/96 Barbados Greg Goodridge 7
20%
2011/12 England Jason Puncheon 2
20%
2014/15 England Jordon Mutch 9
20%
1995/96 England Matthew Brazier 11
20%
2014/15 Ireland Reece Grego-Cox 4
20%
1995/96 England Simon Osborn 9
20%
2014/15 Montserrat Brandon Comley 1
13%
2014/15 England Cole Kpekawa 1
13%
1992/93 England Justin Channing 2
13%
1995/96 England Lee Charles 4
13%
1995/96 England Mark Hateley 14
13%
1992/93 England Maurice Doyle 5
13%
1993/94 England Maurice Doyle 1
13%
2014/15 Argentina Mauro Zarate 4
13%
2014/15 England Michael Doughty 3
13%
1992/93 Wales Michael Meaker 3
13%
1993/94 Wales Michael Meaker 14
13%
1994/95 Wales Michael Meaker 8
13%
1994/95 England Steve Hodge 15
13%
1993/94 England Steve Yates 29
13%
1994/95 England Steve Yates 23
13%
1995/96 England Steve Yates 30
13%
1993/94 England Tony Witter 1
13%
1995/96 England Trevor Challis 11
13%
1994/95 Netherlands Sieb Dykstra 11
7%
No matching quizzes found
Score Distribution
Percent of People with Each Score
Percentile by Number Answered
Your Score History
You have not taken this quiz